Online
Catalog

La maravillosa historia del teatro universal / (Record no. 21736)

MARC details
000 -CABECERA
campo de control de longitud fija 00664cam a2200193 a 4500
001 - NÚMERO DE CONTROL
campo de control 000022238
005 - FECHA Y HORA DE LA ÚLTIMA TRANSACCIÓN
campo de control 20200930011638.0
008 - DATOS DE LONGITUD FIJA--INFORMACIÓN GENERAL
campo de control de longitud fija 100920s1989 cu a 000 0 spa d
040 ## - FUENTE DE LA CATALOGACIÓN
Centro catalogador/agencia de origen DO-SdBNP
Lengua de catalogación spa
Centro/agencia transcriptor BNPHU
082 ## - NÚMERO DE LA CLASIFICACIÓN DECIMAL DEWEY
Número de clasificación 792.14
Número de documento/Ítem A791m
100 1# - ENTRADA PRINCIPAL--NOMBRE DE PERSONA
Nombre de persona Artiles, Freddy.
9 (RLIN) 45983
245 13 - MENCIÓN DE TÍTULO
Título La maravillosa historia del teatro universal /
Mención de responsabilidad, etc. Freddy Artiles ; edición Juan Carlos Reloba Santana.
260 ## - PUBLICACIÓN, DISTRIBUCIÓN, ETC.
Lugar de publicación, distribución, etc. La Habana :
Nombre del editor, distribuidor, etc. Gente Nueva,
Fecha de publicación, distribución, etc. 1989.
300 ## - DESCRIPCIÓN FÍSICA
Extensión 193 p. :
Otras características físicas il. ;
Dimensiones 23 cm.
504 ## - NOTA DE BIBLIOGRAFÍA, ETC.
Nota de bibliografía, etc. Bibliografías : p. 191-193.
650 #4 - PUNTO DE ACCESO ADICIONAL DE MATERIA--TÉRMINO DE MATERIA
Término de materia o nombre geográfico como elemento de entrada Teatro
Subdivisión general Historia
9 (RLIN) 27205
700 12 - PUNTO DE ACCESO ADICIONAL--NOMBRE DE PERSONA
Nombre de persona Rebola Santana, Juan Carlos,
Término indicativo de función/relación ed.
9 (RLIN) 45984
910 ## - DATOS DE OPCIÓN DEL USUARIO (OCLC)
Datos de opción del usuario Validado. Control de calidad MFF
Holdings
Estado de retiro Estado de pérdida Restricciones de uso No para préstamo Código de colección Localización permanente Ubicación/localización actual Ubicación en estantería Fecha de adquisición Número de inventario Total de préstamos Signatura topográfica completa Código de barras Fecha visto por última vez Precio válido a partir de Tipo de ítem Koha Número de copia
      Excluido de préstamo Monografías: Libros y Folletos General General Depósito 20.09.2010 LF1   792.14 A791m 22238-10 25.06.2020 25.06.2020 No se presta  
      Excluido de préstamo Monografías: Libros y Folletos General General Depósito 20.09.2010 LF1   792.14 A791m 22238-20 25.06.2020 25.06.2020 No se presta e. 2
        Monografías: Libros y Folletos General General Depósito 20.09.2010 LF1   792.14 A791m 22238-30 25.06.2020 25.06.2020 Préstamo en sala e. 3

Powered by Koha